La exclusión de los jovenes: un estudio sobre su magnitud y caracteristicas
Zapisane w:
| 1. autor: | |
|---|---|
| Format: | Książka |
| Język: | hiszpański |
| Wydane: |
Santiago
Sur
1984
|
| Seria: | Documento de Trabajo, 28
|
| Hasła przedmiotowe: | |
| Etykiety: |
Dodaj etykietę
Nie ma etykietki, Dołącz pierwszą etykiete!
|
MARC
| LEADER | 00000nam a2200000 a 4500 | ||
|---|---|---|---|
| 001 | UCX3506 | ||
| 003 | CL-VaPUC | ||
| 008 | 911111e19840000CL |||||||||||||||||spa|d | ||
| 082 | 0 | 4 | |a 305.23 |b VAL |2 21 |
| 100 | 0 | |a Valenzuela, Eduardo |e author |9 319691 | |
| 245 | 1 | 3 | |a La exclusión de los jovenes: un estudio sobre su magnitud y caracteristicas |
| 300 | |a 88 p | ||
| 942 | |c BK | ||
| 945 | |d 19911111 00:00:00 | ||
| 260 | |a Santiago |b Sur |c 1984 | ||
| 650 | 7 | |a ESTRUCTURA SOCIAL |2 CL-VaPUC |9 319692 | |
| 651 | 7 | |a CHILE |2 CL-VaPUC |9 319693 | |
| 583 | |a last modification |c 19911111 00:00:00 |k Rodrigo Vera | ||
| 490 | 0 | |a Documento de Trabajo, 28 | |
| 999 | |c 224245 |d 224243 | ||
| 952 | |0 0 |1 0 |4 0 |6 305_230000000000000_VAL_1984 |7 0 |8 A |9 220757 |a BIBGIM |b BIBGIM |d 2019-11-15 |i 2894963 |o 305.23 VAL 1984 |p 2894963 |r 2025-01-15 |w 2019-11-15 |y BK |k SSL | ||
| 952 | |0 0 |1 0 |4 0 |6 305_230000000000000_VAL_1984 |7 0 |8 A |9 220758 |a BIBGIM |b BIBGIM |d 2019-11-15 |i 2894971 |o 305.23 VAL 1984 |p 2894971 |r 2025-01-15 |w 2019-11-15 |y BK |k SSL | ||